[Event "VIII Floripa Chess Open 2022 - LIRA - m"]
[Site "Lira Tênis Clube - Florianó"]
[Date "2022.01.24"]
[Round "1.11"]
[White "De Albuquerque, Pedro Henrique Corr"]
[Black "Di Berardino, Diego Rafael"]
[Result "0-1"]
[WhiteElo "1735"]
[BlackElo "2480"]
[PlyCount "62"]
[EventDate "2022.01.24"]
[EventRounds "10"]
[EventCountry "BRA"]

1. e4 c5 2. Nf3 e6 3. d4 cxd4 4. Nxd4 Nf6 5. Nc3 Nc6 6. a3 Be7 7. Be2 O-O 8.
O-O d6 9. Be3 Bd7 10. Qd2 Nxd4 11. Bxd4 Bc6 12. f3 a6 13. Rfd1 Qc7 14. Na2 b5
15. c4 bxc4 16. Bxc4 d5 17. exd5 Nxd5 18. Rac1 Qb7 19. Bd3 h6 20. Bb1 Rac8 21.
Nc3 Bg5 22. Qd3 f5 23. Nxd5 Bxc1 24. Nb6 Bb5 25. Qb3 Rc6 26. Ba2 Rd8 27. Bf2
Rxd1+ 28. Qxd1 Bg5 29. f4 Bxf4 30. Qd8+ Kh7 31. g3 Rc1+ 0-1

[Event "VIII Floripa Chess Open 2022 - LIRA - m"]
[Site "Lira Tênis Clube - Florianó"]
[Date "2022.01.24"]
[Round "1.12"]
[White "Cubas, Jose Fernando"]
[Black "Da Cunha Dias, Joao Pedro"]
[Result "1-0"]
[WhiteElo "2469"]
[BlackElo "1734"]
[PlyCount "55"]
[EventDate "2022.01.24"]
[EventRounds "10"]
[EventCountry "BRA"]

1. e4 c5 2. Nc3 d6 3. f4 g6 4. Nf3 Bg7 5. Bb5+ Bd7 6. Bc4 Nc6 7. O-O e6 8. d3
Nge7 9. Qe1 O-O 10. Qh4 Nd4 11. f5 gxf5 12. Bg5 f6 13. Bh6 Ng6 14. Qh3 fxe4 15.
Nxd4 cxd4 16. Bxe6+ Bxe6 17. Qxe6+ Kh8 18. Bxg7+ Kxg7 19. Nxe4 d5 20. Ng3 Rc8
21. Nf5+ Kh8 22. Nxd4 Rc7 23. Rf5 Ne5 24. Raf1 Rcf7 25. Rxe5 fxe5 26. Rxf7 Rxf7
27. Qxf7 exd4 28. Qf4 1-0

[Event "VIII Floripa Chess Open 2022 - LIRA - m"]
[Site "Lira Tênis Clube - Florianó"]
[Date "2022.01.24"]
[Round "1.13"]
[White "Flores, Clarice Soares Leit"]
[Black "Rodriguez Vila, Andres"]
[Result "0-1"]
[WhiteElo "1733"]
[BlackElo "2461"]
[PlyCount "71"]
[EventDate "2022.01.24"]
[EventRounds "10"]
[EventCountry "BRA"]

1. d4 e6 2. c4 c5 3. d5 exd5 4. cxd5 d6 5. e4 g6 6. Nc3 Bg7 7. Bb5+ Nd7 8. a4
Ngf6 9. Nge2 O-O 10. Bg5 h6 11. Bf4 Qe7 12. O-O g5 13. Bg3 Nh5 14. Bd3 Ne5 15.
Bc2 a6 16. Qe1 Rb8 17. a5 b5 18. axb6 Rxb6 19. b3 Bd7 20. f4 Ng4 21. Qd2 Nxg3
22. hxg3 gxf4 23. Qxf4 Be5 24. Qd2 Bb5 25. Nxb5 Bxa1 26. Nxd6 Qxd6 27. Rxa1 Qe5
28. Rf1 Qh5 29. Rf4 c4 30. b4 Rfb8 31. d6 Rxb4 32. Rxg4+ Qxg4 33. d7 R4b7 34.
Nf4 Qxg3 35. Nh5 Rb1+ 36. Bd1 0-1

[Event "VIII Floripa Chess Open 2022 - LIRA - m"]
[Site "Lira Tênis Clube - Florianó"]
[Date "2022.01.24"]
[Round "1.14"]
[White "Matsuura, Everaldo"]
[Black "Melo, Igor De Souza"]
[Result "1-0"]
[WhiteElo "2441"]
[BlackElo "1732"]
[PlyCount "77"]
[EventDate "2022.01.24"]
[EventRounds "10"]
[EventCountry "BRA"]

1. e4 c5 2. Nf3 g6 3. d4 cxd4 4. Nxd4 Bg7 5. c4 Nc6 6. Nc2 Nf6 7. Nc3 O-O 8.
Be2 d6 9. O-O a5 10. Be3 Nd7 11. Qd2 Nc5 12. f3 Be6 13. Na3 Rc8 14. Rac1 Nb4
15. Nab5 Bd7 16. Rb1 f5 17. a3 Nba6 18. b4 axb4 19. axb4 Ne6 20. exf5 Rxf5 21.
Nd5 Kh8 22. f4 Bxb5 23. cxb5 Nac7 24. Nb6 Rb8 25. g4 Rf6 26. Bc4 Qe8 27. Qa2
Nf8 28. Qa7 e6 29. Rbe1 Rf7 30. h3 d5 31. Bd3 Bc3 32. Rc1 d4 33. Bf2 Qd8 34.
Nc4 Kg8 35. Bg3 Nxb5 36. Qc5 Nc7 37. Nd6 Re7 38. f5 Na6 39. Qe5 {
illegÃƒÆ’Ã‚Â­vell} 1-0

[Event "VIII Floripa Chess Open 2022 - LIRA - m"]
[Site "Lira Tênis Clube - Florianó"]
[Date "2022.01.24"]
[Round "1.15"]
[White "Orlandi Neto, Aristides"]
[Black "Molina, Roberto Junio Brito"]
[Result "0-1"]
[WhiteElo "1731"]
[BlackElo "2420"]
[PlyCount "54"]
[EventDate "2022.01.24"]
[EventRounds "10"]
[EventCountry "BRA"]

1. e4 c5 2. c3 Nf6 3. e5 Nd5 4. d4 cxd4 5. cxd4 d6 6. Nf3 e6 7. Bc4 Nb6 8. Bb3
Nc6 9. O-O dxe5 10. dxe5 Qxd1 11. Rxd1 Be7 12. Nc3 O-O 13. Be3 Nd7 14. Nb5 Rd8
15. Bf4 Nc5 16. Rxd8+ Bxd8 17. Bc2 Nb4 18. Rd1 Bd7 19. Nbd4 Nxc2 20. Nxc2 Bc6
21. Nfd4 Be4 22. f3 Nd3 23. fxe4 Nxf4 24. Rf1 Nd3 25. h3 Nxe5 26. Nb5 Bb6+ 27.
Kh1 Rd8 {illegÃƒÆ’Ã‚Â­vel} 0-1

[Event "VIII Floripa Chess Open 2022 - LIRA - m"]
[Site "Lira Tênis Clube - Florianó"]
[Date "2022.01.24"]
[Round "1.16"]
[White "Bittencourt, Jorge"]
[Black "Ramazzotte, Alexandre Franco"]
[Result "1-0"]
[WhiteElo "2408"]
[BlackElo "1729"]
[PlyCount "85"]
[EventDate "2022.01.24"]
[EventRounds "10"]
[EventCountry "BRA"]

1. d4 e6 2. c4 d5 3. Nf3 Nf6 4. g3 b6 5. cxd5 exd5 6. Bg2 Bb7 7. O-O Be7 8. Nc3
O-O 9. Bf4 Nh5 10. Bd2 Nf6 11. Rc1 Nbd7 12. Bf4 Nh5 13. Be3 Nhf6 14. Qb3 Rc8
15. Nb5 a6 16. Na7 Ra8 17. Nc6 Bxc6 18. Rxc6 Nb8 19. Rc2 a5 20. Ne5 a4 21. Qc3
Bd6 22. Bg5 Ra5 23. Qf3 h6 24. Bxf6 Qxf6 25. Qxf6 gxf6 26. Ng4 Kg7 27. Ne3 Kg6
28. Nxd5 Ra7 29. Be4+ f5 30. Bd3 h5 31. h3 Nd7 32. Ne3 Kf6 33. Nxf5 a3 34. b3
Bb4 35. Rc6+ Bd6 36. Nxd6 cxd6 37. Rxd6+ Ke7 38. Rc6 Ra5 39. Rfc1 Rd5 40. e3
Rg8 41. Rc7 f5 42. Bc4 Rd6 43. Bxg8 1-0

[Event "VIII Floripa Chess Open 2022 - LIRA - m"]
[Site "Lira Tênis Clube - Florianó"]
[Date "2022.01.24"]
[Round "1.17"]
[White "Sato, Leticia Miho"]
[Black "Languidey, Simon Alejandro"]
[Result "0-1"]
[WhiteElo "1729"]
[BlackElo "2403"]
[PlyCount "26"]
[EventDate "2022.01.24"]
[EventRounds "10"]
[EventCountry "BRA"]

1. d4 Nf6 2. Nf3 g6 3. Bg5 Bg7 4. e3 d6 5. Be2 O-O 6. c4 c5 7. Nc3 cxd4 8. exd4
Bf5 9. O-O Ne4 10. Nd5 Nc6 11. Rc1 e6 12. Ne3 e5 13. dxe5 dxe5 {illegivel} 0-1

[Event "VIII Floripa Chess Open 2022 - LIRA - m"]
[Site "Lira Tênis Clube - Florianó"]
[Date "2022.01.24"]
[Round "1.18"]
[White "Umetsubo, Cesar Hidemitsu"]
[Black "Dos Santos Junior, Joao Batista Araujo"]
[Result "1-0"]
[WhiteElo "2402"]
[BlackElo "1724"]
[PlyCount "57"]
[EventDate "2022.01.24"]
[EventRounds "10"]
[EventCountry "BRA"]

1. e4 d6 2. d4 Nc6 3. d5 Ne5 4. f4 Nd7 5. c4 g6 6. Qd4 Ngf6 7. e5 Nh5 8. Nf3
Ng7 9. Nc3 Nf5 10. Qf2 e6 11. g4 Ng7 12. h3 Be7 13. exd6 cxd6 14. Be3 b6 15.
O-O-O Bb7 16. Bd4 Bf6 17. Ne4 O-O 18. Nxd6 Bxd4 19. Nxd4 exd5 20. Nxb7 Qc7 21.
Bg2 Qxc4+ 22. Kb1 Rab8 23. Nd6 Qc5 24. N6b5 Rbe8 25. Rc1 Qb4 26. Nc7 Rc8 27.
Nxd5 Rxc1+ 28. Rxc1 Qd6 29. Rc6 1-0

[Event "VIII Floripa Chess Open 2022 - LIRA - m"]
[Site "Lira Tênis Clube - Florianó"]
[Date "2022.01.24"]
[Round "1.19"]
[White "Da Cunha, Gabriela Goes"]
[Black "Rodi, Luis Ernesto"]
[Result "0-1"]
[WhiteElo "1723"]
[BlackElo "2347"]
[PlyCount "81"]
[EventDate "2022.01.24"]
[EventRounds "10"]
[EventCountry "BRA"]

1. e4 e5 2. Nf3 Nc6 3. Bc4 Bc5 4. c3 Qe7 5. O-O Nf6 6. d4 Bb6 7. Bg5 h6 8. Bh4
g5 9. Bg3 d6 10. dxe5 dxe5 11. Qe2 Bg4 12. Nbd2 Nh5 13. Bb5 Nxg3 14. hxg3 h5
15. Qc4 Bd7 16. Qd5 O-O-O 17. Qb3 Na5 18. Bxd7+ Qxd7 19. Qb4 Nc6 20. Qc4 g4 21.
Ng5 h4 22. gxh4 Rxh4 23. g3 Rh5 24. Nxf7 Rf8 25. Kg2 Rxf7 26. Nb3 Rfh7 27. Qg8+
Qd8 28. Qxg4+ Kb8 29. Rh1 Rxh1 30. Rxh1 Rxh1 31. Kxh1 Bxf2 32. Kg2 Bb6 33. Qf3
a5 34. a4 Qd6 35. g4 Ne7 36. Qf8+ Ka7 37. g5 Qe6 38. Qf6 Qg4+ 39. Kf1 Qd1+ 40.
Kg2 Qg1+ 41. Kf3 0-1

[Event "VIII Floripa Chess Open 2022 - LIRA - m"]
[Site "Lira Tênis Clube - Florianó"]
[Date "2022.01.24"]
[Round "1.20"]
[White "Santos, Marcus Vinicius Mor"]
[Black "Mangini, Bruno Fernandes"]
[Result "1/2-1/2"]
[WhiteElo "2346"]
[BlackElo "1718"]
[PlyCount "58"]
[EventDate "2022.01.24"]
[EventRounds "10"]
[EventCountry "BRA"]

1. d4 Nf6 2. c4 c5 3. d5 b5 4. cxb5 a6 5. Nc3 axb5 6. e4 b4 7. Nb5 d6 8. a4 g6
9. Bd3 Bg7 10. Nf3 O-O 11. O-O Nbd7 12. Ra2 Ng4 13. b3 Nde5 14. Nxe5 Nxe5 15.
Be2 h5 16. h3 Ba6 17. f4 Nd7 18. Kh1 Nf6 19. Qc2 e6 20. dxe6 fxe6 21. e5 dxe5
22. Qxg6 Qe8 23. Qg3 Ne4 24. Qe3 Qg6 25. Rf3 exf4 26. Rxf4 Rxf4 27. Qxf4 Bb7
28. Bc4 Rf8 29. Qe3 Bd5 1/2-1/2

[Event "VIII Floripa Chess Open 2022 - LIRA - m"]
[Site "Lira Tênis Clube - Florianó"]
[Date "2022.01.24"]
[Round "1.21"]
[White "Campagnolo, Fabiola"]
[Black "Rodrigues, Edgar"]
[Result "0-1"]
[WhiteElo "1714"]
[BlackElo "2345"]
[PlyCount "35"]
[EventDate "2022.01.24"]
[EventRounds "10"]
[EventCountry "BRA"]

1. e4 e6 2. d3 d5 3. Nd2 c5 4. g3 Nf6 5. Bg2 Be7 6. Ngf3 Nc6 7. O-O O-O 8. Re1
b5 9. Qe2 b4 10. e5 Nd7 11. h4 a5 12. a3 bxa3 13. bxa3 Ba6 14. c3 a4 15. Nf1
Rb8 16. Qd2 c4 17. dxc4 Bc5 18. Ne3 {illegÃƒÆ’Ã‚Â­vel} 0-1

[Event "VIII Floripa Chess Open 2022 - LIRA - m"]
[Site "Lira Tênis Clube - Florianó"]
[Date "2022.01.24"]
[Round "1.23"]
[White "Rosa, Gabriel Redon"]
[Black "Oliveira, Silvio Eduardo"]
[Result "1/2-1/2"]
[WhiteElo "1707"]
[BlackElo "2322"]
[PlyCount "88"]
[EventDate "2022.01.24"]
[EventRounds "10"]
[EventCountry "BRA"]

1. e4 c5 2. Nf3 d6 3. Bb5+ Nc6 4. d4 cxd4 5. Qxd4 Bd7 6. Bxc6 Bxc6 7. Nc3 Nf6
8. Bg5 Qb6 9. Bxf6 gxf6 10. O-O-O Rg8 11. g3 f5 12. Rhe1 Bg7 13. Qxb6 axb6 14.
Nd4 fxe4 15. Nxe4 Kd7 16. a3 Ra5 17. c3 f5 18. Nxc6 bxc6 19. Nd2 b5 20. f4 c5
21. Nb3 Raa8 22. Re3 b4 23. axb4 cxb4 24. Rdd3 bxc3 25. bxc3 Ra2 26. Rd2 Rxd2
27. Kxd2 Ra8 28. Nd4 Bxd4 29. cxd4 Ra2+ 30. Ke1 Rxh2 31. d5 Ke8 32. Re6 Kf7 33.
Kf1 Rd2 34. Rh6 Rxd5 35. Rxh7+ Ke6 36. Rh6+ Kd7 37. Ke2 Ra5 38. Rg6 Ra4 39. Kf3
Ra3+ 40. Kf2 e6 41. g4 fxg4 42. Rxg4 Kc6 43. Rg6 Rc3 44. Ke2 d5 {illegivell}
1/2-1/2

[Event "VIII Floripa Chess Open 2022 - LIRA - m"]
[Site "Lira Tênis Clube - Florianó"]
[Date "2022.01.24"]
[Round "1.24"]
[White "Filgueiras, Nathan Felipe"]
[Black "Pereira Junior, Ignacio Marrero"]
[Result "1-0"]
[WhiteElo "2309"]
[BlackElo "1707"]
[PlyCount "63"]
[EventDate "2022.01.24"]
[EventRounds "10"]
[EventCountry "BRA"]

1. e4 c5 2. Nf3 e6 3. d4 cxd4 4. Nxd4 a6 5. Bd3 Qc7 6. O-O Nf6 7. Qe2 d6 8. c4
Be7 9. Nc3 Nc6 10. Nxc6 bxc6 11. c5 e5 12. cxd6 Bxd6 13. Bg5 Be7 14. Rac1 Qb8
15. Bc4 O-O 16. h3 h6 17. Bh4 Rd8 18. Rfd1 Bb7 19. Bb3 Rxd1+ 20. Rxd1 Qc7 21.
Qc4 Rf8 22. Bxf6 Bxf6 23. Nd5 Qd8 24. Nb4 Qb6 25. Rd7 a5 26. Rxf7 Rxf7 27.
Qxf7+ Kh7 28. Qg8+ Kg6 29. Qe8+ Kg5 30. Qe6 h5 31. Qf5+ Kh6 32. Bf7 1-0

[Event "VIII Floripa Chess Open 2022 - LIRA - m"]
[Site "Lira Tênis Clube - Florianó"]
[Date "2022.01.24"]
[Round "1.25"]
[White "Cordioli, Jairo Ribeiro"]
[Black "Pires, Marcos Vinicius Tor"]
[Result "0-1"]
[WhiteElo "1706"]
[BlackElo "2302"]
[PlyCount "56"]
[EventDate "2022.01.24"]
[EventRounds "10"]
[EventCountry "BRA"]

1. d4 d5 2. c4 e6 3. Nc3 Nf6 4. Nf3 Be7 5. e3 O-O 6. cxd5 exd5 7. Bd3 c6 8. O-O
Bg4 9. Be2 Nbd7 10. Bd2 Bd6 11. h3 Bh5 12. Nh2 Bxe2 13. Qxe2 Re8 14. Qd3 Ne4
15. Nxe4 dxe4 16. Qe2 Qc7 17. f4 exf3 18. gxf3 Nf6 19. f4 Bxf4 20. Rxf4 Qxf4
21. exf4 Rxe2 22. Nf3 Rae8 23. Re1 Rxe1+ 24. Bxe1 Nd5 25. Bd2 Re4 26. f5 f6 27.
Kf2 Kf7 28. a3 Ne7 0-1

[Event "VIII Floripa Chess Open 2022 - LIRA - m"]
[Site "Lira Tênis Clube - Florianó"]
[Date "2022.01.24"]
[Round "1.26"]
[White "Viana Da Costa, Fernando"]
[Black "Colaco, Willian Wagner Soar"]
[Result "1-0"]
[WhiteElo "2300"]
[BlackElo "1705"]
[PlyCount "45"]
[EventDate "2022.01.24"]
[EventRounds "10"]
[EventCountry "BRA"]

1. e4 c6 2. d4 d5 3. Nc3 dxe4 4. Nxe4 Bf5 5. Ng3 Bg6 6. N1e2 Nd7 7. Nf4 Ngf6 8.
h4 e6 9. h5 Bf5 10. Nxf5 exf5 11. Bd3 Ne4 12. Qe2 Qe7 13. f3 Nd6 14. Be3 Nf6
15. O-O-O O-O-O 16. c4 Qd7 17. Qc2 Kb8 18. c5 Nb5 19. Bxf5 Qc7 20. Kb1 Be7 21.
Rhe1 Rhe8 22. a4 Nxd4 23. Rxd4 1-0

[Event "VIII Floripa Chess Open 2022 - LIRA - m"]
[Site "Lira Tênis Clube - Florianó"]
[Date "2022.01.24"]
[Round "1.27"]
[White "Sanchez, Ivan Roberto"]
[Black "Aranha Filho, Alvaro Z."]
[Result "1/2-1/2"]
[WhiteElo "1705"]
[BlackElo "2283"]
[PlyCount "73"]
[EventDate "2022.01.24"]
[EventRounds "10"]
[EventCountry "BRA"]

1. d4 Nf6 2. c4 e6 3. Nc3 Bb4 4. Qc2 O-O 5. Nf3 c5 6. Bd2 cxd4 7. Nxd4 Nc6 8.
e3 d5 9. a3 Bd6 10. Nxc6 bxc6 11. Be2 Bb7 12. O-O Qe7 13. Rac1 Rac8 14. Bf3 c5
15. cxd5 exd5 16. Rfe1 Rfe8 17. Qf5 Rcd8 18. g3 Be5 19. Qc2 Rc8 20. Qd3 Red8
21. Qb5 Ba8 22. Qb3 Qd7 23. Bg2 Qf5 24. Qc2 Qe6 25. Rb1 d4 26. Ne4 Nxe4 27.
Bxe4 Bxe4 28. Qxe4 c4 29. f4 Bf6 30. Qxe6 fxe6 31. Kf2 e5 32. Rec1 exf4 33.
gxf4 Rd5 34. e4 Rb5 35. e5 Bh4+ 36. Kf3 g5 37. Be1 {IllegÃƒÆ’Ã‚Â­vel}
1/2-1/2

[Event "VIII Floripa Chess Open 2022 - LIRA - m"]
[Site "Lira Tênis Clube - Florianó"]
[Date "2022.01.24"]
[Round "1.28"]
[White "Cadilhac, Igor Tokuichi Kikuc"]
[Black "Da Silva, Esequiel Luis Melo"]
[Result "1-0"]
[WhiteElo "2283"]
[BlackElo "1704"]
[PlyCount "91"]
[EventDate "2022.01.24"]
[EventRounds "10"]
[EventCountry "BRA"]

1. e4 e6 2. d4 d5 3. Nd2 dxe4 4. Nxe4 Bd7 5. Nf3 Bc6 6. Bd3 Bxe4 7. Bxe4 c6 8.
O-O Nf6 9. Bd3 Bd6 10. Re1 Qc7 11. Ne5 Nbd7 12. Qe2 O-O 13. h3 Rac8 14. Bg5 g6
15. Qf3 Nh5 16. Nxd7 Qxd7 17. Rad1 Qc7 18. Re4 Qa5 19. Bh6 Rfe8 20. g4 Ng7 21.
Qf6 Bf8 22. Rf4 Rc7 23. a3 Rd7 24. Bg5 Nh5 25. gxh5 Bg7 26. hxg6 hxg6 27. Qxg7+
Kxg7 28. Bf6+ Kh6 29. Rh4+ Qh5 30. Rxh5+ gxh5 31. f4 Rg8+ 32. Kf2 b6 33. Bg5+
Kg7 34. Rg1 f5 35. Ke3 Kf7 36. Be2 Rh8 37. Bh4 Rc7 38. Rg5 Ke8 39. Bc4 Rh6 40.
Be1 h4 41. Bb4 Kf7 42. Rxf5+ Ke8 43. Rg5 a5 44. Bd6 Rd7 45. Be5 Rf7 46. Bd3 1-0

[Event "VIII Floripa Chess Open 2022 - LIRA - m"]
[Site "Lira Tênis Clube - Florianó"]
[Date "2022.01.24"]
[Round "1.29"]
[White "Castro, Leonardo Nascimento"]
[Black "Gazel, Frederico"]
[Result "0-1"]
[WhiteElo "1703"]
[BlackElo "2279"]
[PlyCount "74"]
[EventDate "2022.01.24"]
[EventRounds "10"]
[EventCountry "BRA"]

1. d4 Nf6 2. c4 e6 3. Nf3 b6 4. g3 Ba6 5. b3 Bb4+ 6. Bd2 Be7 7. Bg2 c6 8. Bc3
d5 9. Nbd2 Nbd7 10. O-O O-O 11. Re1 c5 12. e4 dxc4 13. Nxc4 Bb7 14. Nfe5 cxd4
15. Bxd4 Nc5 16. f3 Qb8 17. Qe2 Rd8 18. Bb2 Qc7 19. Rac1 b5 20. Na3 b4 21. Nac4
a5 22. Kh1 a4 23. bxa4 Rxa4 24. a3 bxa3 25. Nxa3 Qa5 26. Nac4 Qb5 27. Bc3 Qb3
28. Ba5 Ra2 29. Qf1 Ra8 30. Rb1 Qa4 31. Rb4 Qe8 32. Reb1 Ba6 33. Qc1 Bxc4 34.
Nxc4 Nd3 35. Qc3 Nxb4 36. Bxb4 Rb8 37. Nd2 Qa4 0-1

[Event "VIII Floripa Chess Open 2022 - LIRA - m"]
[Site "Lira Tênis Clube - Florianó"]
[Date "2022.01.24"]
[Round "1.30"]
[White "Guimaraes, Diogo Duarte"]
[Black "Da Silva Junior, Marco Aurelio"]
[Result "1-0"]
[WhiteElo "2273"]
[BlackElo "1690"]
[PlyCount "97"]
[EventDate "2022.01.24"]
[EventRounds "10"]
[EventCountry "BRA"]

1. e4 c5 2. Nf3 e6 3. d4 cxd4 4. Nxd4 a6 5. Bd3 Nc6 6. Be3 Nf6 7. Nc3 Bb4 8.
O-O O-O 9. Nxc6 dxc6 10. e5 Nd5 11. Nxd5 exd5 12. Qh5 g6 13. Qh6 Re8 14. Bg5
Bf8 15. Qh4 Be7 16. f4 Bxg5 17. fxg5 Rxe5 18. Rxf7 Kxf7 19. Qxh7+ Ke6 20. Qxg6+
Kd7 21. Rf1 Kc7 22. Rf7+ Kb8 23. h4 Re1+ 24. Kf2 Re6 25. Qg7 Qb6+ 26. Kg3 Qe3+
27. Kh2 Qe5+ 28. Qxe5+ Rxe5 29. Kg3 Re8 30. h5 Be6 31. Rg7 Ka7 32. h6 Rh8 33.
h7 Raf8 34. g6 c5 35. Re7 c4 36. Rxe6 cxd3 37. cxd3 Rd8 38. Kf4 Rd7 39. Kg5
Rhxh7 40. gxh7 Rxh7 41. g4 Rh3 42. d4 Rd3 43. Kf5 Rxd4 44. g5 Rd2 45. g6 Rxb2
46. g7 Rf2+ 47. Kg6 Rg2+ 48. Kf6 Rf2+ 49. Ke7 1-0

[Event "VIII Floripa Chess Open 2022 - LIRA - m"]
[Site "Lira Tênis Clube - Florianó"]
[Date "2022.01.24"]
[Round "1.31"]
[White "Juliano, Luiz Augusto Porto"]
[Black "Cominato Neto, Jose Luis"]
[Result "0-1"]
[WhiteElo "1690"]
[BlackElo "2272"]
[PlyCount "77"]
[EventDate "2022.01.24"]
[EventRounds "10"]
[EventCountry "BRA"]

1. c4 e5 2. g3 Nf6 3. Bg2 d5 4. cxd5 Nxd5 5. Nc3 Nb6 6. Nf3 Nc6 7. d3 Be7 8.
Bd2 O-O 9. O-O Be6 10. Na4 f5 11. Bc3 e4 12. Ne5 Nxe5 13. Bxe5 exd3 14. exd3 c6
15. Re1 Qd7 16. Nxb6 axb6 17. Qe2 Bf6 18. d4 Bd5 19. a3 Rfe8 20. Rad1 Bxg2 21.
Kxg2 Qd5+ 22. Qf3 Qxf3+ 23. Kxf3 Kf7 24. Kf4 g6 25. g4 fxg4 26. Kxg4 Rad8 27.
f4 Rd5 28. Re4 Red8 29. b4 Ra8 30. Rd3 Ra7 31. Rde3 Rd7 32. Bxf6 Kxf6 33. Re6+
Kf7 34. R6e4 Ra8 35. Rh3 Kf6 36. Rhe3 Rad8 37. Re6+ Kf7 38. Kg5 Rd5+ 39. R6e5
0-1

[Event "VIII Floripa Chess Open 2022 - LIRA - m"]
[Site "Lira Tênis Clube - Florianó"]
[Date "2022.01.24"]
[Round "1.32"]
[White "Villalba, Marcelo"]
[Black "Sarda, Pedro Sada"]
[Result "1-0"]
[WhiteElo "2258"]
[BlackElo "1689"]
[PlyCount "45"]
[EventDate "2022.01.24"]
[EventRounds "10"]
[EventCountry "BRA"]

1. e4 c5 2. Nf3 Nc6 3. d4 cxd4 4. Nxd4 Nf6 5. Nc3 d6 6. Nb3 e6 7. Bd3 Be7 8. f4
a6 9. Qf3 Qc7 10. Bd2 Bd7 11. g4 Nb4 12. g5 Nxd3+ 13. cxd3 Ng8 14. O-O-O O-O-O
15. Kb1 Kb8 16. Rc1 Rc8 17. Nd5 Qd8 18. Ba5 Qf8 19. Rxc8+ Bxc8 20. Bc7+ Ka8 21.
Nb6+ Ka7 22. Qe3 a5 23. Nxc8+ 1-0

[Event "VIII Floripa Chess Open 2022 - LIRA - m"]
[Site "Lira Tênis Clube - Florianó"]
[Date "2022.01.24"]
[Round "1.33"]
[White "Ferreira, Carlos Eduardo"]
[Black "Terao, Juliana Sayumi"]
[Result "0-1"]
[WhiteElo "1686"]
[BlackElo "2257"]
[PlyCount "79"]
[EventDate "2022.01.24"]
[EventRounds "10"]
[EventCountry "BRA"]

1. e4 c5 2. Nf3 e6 3. d4 cxd4 4. Nxd4 a6 5. c4 Nf6 6. Nc3 Qc7 7. Nc2 Be7 8. Be2
b6 9. Be3 d6 10. Qd2 Bb7 11. f3 Nbd7 12. Rc1 Rc8 13. O-O Qb8 14. Rfd1 O-O 15.
Bf4 Ne5 16. b3 Bd8 17. Bg5 Ng6 18. Ne3 Rc6 19. Nf1 Be7 20. Ng3 Rd8 21. Qe1 Rcc8
22. Be3 Bc6 23. a4 h5 24. Bf1 h4 25. Nge2 Re8 26. Qf2 Bd8 27. Bg5 Ng4 28. fxg4
Bxg5 29. Rc2 Ba8 30. Nd4 d5 31. Bd3 Ne5 32. Qe2 Nxd3 33. Qxd3 dxc4 34. bxc4
Rcd8 35. Qe2 Bf4 36. Nf3 Qc7 37. Qe1 Qxc4 38. Rxd8 Rxd8 39. Qxh4 Be3+ 40. Kh1
0-1

[Event "VIII Floripa Chess Open 2022 - LIRA - m"]
[Site "Lira Tênis Clube - Florianó"]
[Date "2022.01.24"]
[Round "1.34"]
[White "Labussiere, Yago"]
[Black "Schmidt, Erick Eduardo Da Si"]
[Result "1-0"]
[WhiteElo "2257"]
[BlackElo "1683"]
[PlyCount "50"]
[EventDate "2022.01.24"]
[EventRounds "10"]
[EventCountry "BRA"]

1. d4 d5 2. c4 e6 3. Nf3 Nf6 4. g3 Be7 5. Bg2 O-O 6. O-O c6 7. Qc2 b6 8. Nbd2
Bb7 9. e4 c5 10. exd5 exd5 11. Rd1 Qc8 12. a3 dxc4 13. Nxc4 cxd4 14. Nxd4 Bxg2
15. Kxg2 Qb7+ 16. Kg1 Rc8 17. Nf5 Na6 18. Qe2 Re8 19. Be3 Ne4 20. Rd7 Qxd7 21.
Qg4 Qxf5 22. Qxf5 Bf6 23. Nd2 Nac5 24. Qf3 Rac8 25. b4 Na4 {
illegÃƒÆ’Ã‚Â­vell} 1-0

[Event "VIII Floripa Chess Open 2022 - LIRA - m"]
[Site "Lira Tênis Clube - Florianó"]
[Date "2022.01.24"]
[Round "1.35"]
[White "Lima, Stefan Moisei Vieir"]
[Black "Menna Barreto, Luiz Ney"]
[Result "0-1"]
[WhiteElo "1682"]
[BlackElo "2254"]
[PlyCount "45"]
[EventDate "2022.01.24"]
[EventRounds "10"]
[EventCountry "BRA"]

1. e4 c6 2. Nc3 d5 3. Nf3 Bg4 4. h3 Bxf3 5. Qxf3 e6 6. g3 Nf6 7. Bg2 Nbd7 8. d4
Bb4 9. e5 Ne4 10. O-O Nxc3 11. bxc3 Be7 12. Qe2 Qa5 13. Bd2 Qa4 14. Qd3 h5 15.
f4 g6 16. g4 hxg4 17. hxg4 O-O-O 18. Kf2 Nb6 19. Bh3 Nc4 20. Ke2 Nb2 21. Qf3
Qxc2 22. Rab1 Nc4 23. Rfd1 0-1

[Event "VIII Floripa Chess Open 2022 - LIRA - m"]
[Site "Lira Tênis Clube - Florianó"]
[Date "2022.01.24"]
[Round "1.36"]
[White "Gauche, Charles"]
[Black "Vaz, Osvaldo Jose"]
[Result "1/2-1/2"]
[WhiteElo "2240"]
[BlackElo "1680"]
[PlyCount "92"]
[EventDate "2022.01.24"]
[EventRounds "10"]
[EventCountry "BRA"]

1. e4 e6 2. d4 d5 3. Nc3 Nf6 4. e5 Nfd7 5. f4 c5 6. Nf3 Nc6 7. Be3 Be7 8. Qd2
a6 9. dxc5 Nxc5 10. Nd4 Bd7 11. Be2 O-O 12. O-O Qc7 13. a3 f6 14. b4 Ne4 15.
Nxe4 dxe4 16. exf6 Bxf6 17. c3 Rad8 18. Rac1 Ne7 19. Bg4 Nf5 20. Rfd1 Bc8 21.
g3 Kh8 22. Bxf5 exf5 23. Qe2 Qf7 24. a4 Rd6 25. Rd2 Rfd8 26. a5 Bd7 27. Qf2 g6
28. Qe1 Qc4 29. Rg2 Bb5 30. h3 Qd5 31. g4 Bd3 32. Kh2 R6d7 33. Qg3 Rg7 34. g5
Be7 35. h4 Qf7 36. Nc2 Bxc2 37. Rgxc2 Rd3 38. Qe1 Bd6 39. Rf2 Qc7 40. Kg2 Rd7
41. h5 gxh5 42. Qe2 Kg8 43. Qa2+ Kg7 44. Qe2 Kg8 45. Bb6 Qc6 46. Be3 Qc7
1/2-1/2

[Event "VIII Floripa Chess Open 2022 - LIRA - m"]
[Site "Lira Tênis Clube - Florianó"]
[Date "2022.01.24"]
[Round "1.37"]
[White "Haraguchi, Matheus Sashaki"]
[Black "Marra, Eduardo Da Costa"]
[Result "0-1"]
[WhiteElo "1677"]
[BlackElo "2222"]
[PlyCount "72"]
[EventDate "2022.01.24"]
[EventRounds "10"]
[EventCountry "BRA"]

1. c4 c5 2. Nc3 Nc6 3. g3 g6 4. Bg2 Bg7 5. e4 d6 6. Nge2 e6 7. O-O Nge7 8. d3
O-O 9. Be3 Nd4 10. Bxd4 cxd4 11. Nb5 Nc6 12. f4 a6 13. Na3 Bd7 14. Qd2 e5 15.
f5 Bf6 16. h4 g5 17. Rf3 Kh8 18. Raf1 Rg8 19. hxg5 Bxg5 20. Qe1 Qb6 21. b3 Nb4
22. Qb1 Be3+ 23. Kh2 a5 24. Nc2 Bg5 25. a3 Nxc2 26. Qxc2 Qc5 27. Qb2 b5 28. Nc1
Be3 29. Re1 Rab8 30. Re2 Qc7 31. Rc2 Qd8 32. Ne2 bxc4 33. dxc4 Qg5 34. Ng1 Bc6
35. Re2 Bxe4 36. Rfxe3 dxe3 0-1

[Event "VIII Floripa Chess Open 2022 - LIRA - m"]
[Site "Lira Tênis Clube - Florianó"]
[Date "2022.01.24"]
[Round "1.38"]
[White "Caetano, Ryan Wesley Da Cost"]
[Black "Conor, Gilberto Bordignon"]
[Result "1-0"]
[WhiteElo "2217"]
[BlackElo "1673"]
[PlyCount "73"]
[EventDate "2022.01.24"]
[EventRounds "10"]
[EventCountry "BRA"]

1. d4 Nf6 2. c4 g6 3. Nc3 Bg7 4. e4 d6 5. f3 e5 6. d5 a5 7. Be3 O-O 8. Qd2 Nbd7
9. Nge2 Nc5 10. O-O-O Ne8 11. g4 a4 12. Kb1 f6 13. Ng3 Ra6 14. h4 Bd7 15. Qf2
b6 16. h5 g5 17. h6 Bh8 18. Nf5 Rf7 19. Be2 Qa8 20. Qe1 a3 21. b4 Na4 22. Nxa4
Rxa4 23. Qc3 c5 24. dxc6 Bxf5 25. exf5 Qxc6 26. Qb3 Kf8 27. b5 Qa8 28. Bxb6 Rb7
29. c5 Rxb6 30. cxb6 Qa5 31. Ka1 Rb4 32. Qe3 Rb2 33. Bc4 Qb4 34. Bb3 d5 35. Qd3
d4 36. b7 Qd6 37. Qc4 1-0